000 01091nam0a2200313 i 4500
001 RU\NLR\BIBL_A\010260874
005 20260406053306.0
010 _a9785435702897
_93038
021 _aRU
_b2014-3546
_9214
035 _a(NILC)RuMoRGB-006735112
035 _a(NLR Aleph) 010260874
090 _a10458383
_c10458383
100 _a20140321d2014 m y0rusy50 ca
101 1 _arus
_cjpn
102 _aRU
105 _ay|||z||||00ay
200 1 _aЖенщина в песках
_aЧужое лицо
_e[роман]
_fКобо Абэ
_g[пер. с яп.: В. С. Гривнин]
210 _aСанкт-Петербург
_cПетроглиф
_d2014
215 _a445, [2] с.
_d20
225 1 _aСовременная классика
333 _a12+
686 1 _aШ6(5Я)67-440.4(Лх2318)
700 1 _7ca
_8rus
_aАбэ
_bК.
_f1924-1993
_gКобо
_9118005
_3RU\NLR\AUTH\778086
702 1 _aГривнин
_bВ. С.
_f1923-
_gВладимир Сергеевич
_4730
942 _cBOOK
980 _aNBR